Diseño de un controlador difuso para el control automático de generación
Uloženo v:
| Hlavní autor: | |
|---|---|
| Další autoři: | |
| Médium: | Kniha |
| Vydáno: |
San José, Costa Rica
1994
|
| Témata: | |
| Tagy: |
Přidat tag
Žádné tagy, Buďte první, kdo vytvoří štítek k tomuto záznamu!
|
MARC
| LEADER | 00000nam a2200000Ia 4500 | ||
|---|---|---|---|
| 003 | 007589 | ||
| 005 | 20221231144258.0 | ||
| 008 | 140114s1994 cr a m 000 ||s d | ||
| 040 | |c cru CEDI | ||
| 090 | |a TFG 3235 | ||
| 100 | |a Ferrer, Holger Abel |9 10996 | ||
| 245 | |a Diseño de un controlador difuso para el control automático de generación | ||
| 260 | |c 1994 |a San José, Costa Rica | ||
| 300 | |a x1v, 106 páginas : ilustraciones | ||
| 500 | |a Proyecto de Graduación (bachillerato en ingeniería eléctrica)-- Universidad de Costa Rica. Facultad de Ingeniería. Escuela de Ingeniería Eléctrica | ||
| 650 | |x CONTROL AUTOMATICO |x C++ (LENGUAJE DE PROGRAMACION PARA COMPUTADORA) |x SISTEMAS DE CONTROL ADAPTABLE |9 10999 | ||
| 700 | |9 10997 |a Morales Corrales, Tanny | ||
| 942 | |c TFG | ||
| 999 | |c 19495 |d 19495 | ||
